| 000 | 00717nam a22002055i 4500 | ||
|---|---|---|---|
| 001 | 153794 | ||
| 003 | ES-MaACL | ||
| 005 | 20250827062634.0 | ||
| 008 | 991116s1870 sp |||| | spa d | ||
| 040 |
_aCCPB | B _bspa _cCCPB | B |
||
| 080 | _a623.81(460)(094.5) | ||
| 110 | 1 |
_aEspaña _93622 |
|
| 240 | 1 | 0 | _aOrdenanzas |
| 245 | 1 | 0 | _aOrdenanza para el Régimen Militar y Económico de los Arsenales de Marina. |
| 260 |
_aMadrid : _b[s.n.], _c1870 ( _fImprenta de T. Fortanet) |
||
| 300 |
_a102 p. ; _c23 cm. |
||
| 610 | 2 | 4 |
_aArsenales de Marina- _xLegislación. _9134120 |
| 852 |
_aES-MaACL _jE-13089 _z. -- Enc. piel con hierros y cortes dorados, en la que figura Laureano Figuerola |
||
| 999 |
_c153794 _d153794 |
||